Small firms and network economies

Saved in:
Bibliographic Details
Main Author: Perry, Martin
Format: Book
Language:English
Published: London : Routledge, 1999
Series:Routledge studies in small business ; ; 6
Subjects:
Tags: Add Tag
No Tags, Be the first to tag this record!

MARC

LEADER 00000nam a2200000 i 4500
001 1/94231
008 991126s1999 eng d
020 |a 0-415-18392-8 
035 |l 10054723 
040 |a GR-MY-UA  |b gre  |e aacr 
041 0 |a eng 
082 0 |a 658.044 
100 0 |a Perry, Martin. 
245 1 0 |a Small firms and network economies /  |c Martin Perry 
260 |a London :   |b Routledge,   |c 1999 
300 |a xiii, 235 p. 
490 1 |a Routledge studies in small business  |v ; 6 
504 |a Includes bibliographical references and index 
650 0 0 |a Business networks  |x Case studies. 
650 0 0 |a Small business  |x Case Studies. 
830 0 |a Routledge studies in small business ;  |v ; 6 
852 |a INST  |b CHIOS  |e 19991126  |h 658.044 PER  |p 005200019457  |q 005200019457  |t BK  |y 0 
901 |a BIBL2-1999-3 
909 |a Χ  |b 069909 
922 |a 2ΕΛΗ  |b 199911  |c ΤΝΕΥ  |d ΠΑΠΑΣΩΤΗΡΙΟΥ 
950 |a 125-1999-07-15 
970 |a ΣΠΕΝΤΖΑ  |b ΕΛΕΝΗ  |z 1999/12/01